Mikal Bridges quiz - Statistics

General Stats
  • This quiz has been taken 22 times
    10 since last reset
  • The average score is 12 of 17
Answer Stats
Question Answer % Correct
How many games has he missed? 0
100%
Knicks
100%
Nets
100%
What teams has he played for? Suns
100%
1
89%
What pick was he? 10
89%
What year was he drafted? 2018
89%
What numbers has he worn? 25
89%
What college did he go to? Villanova
89%
Is he the goat? Yes
78%
Career high in points? 45
67%
Highest he's got in DPOY voting? 2nd
56%
What is his weight (lbs)? 209
44%
What team drafted him? 76ers
33%
Height (in inches)? 78
33%
Wingspan (in inches)? 85
33%
Who's his twin? Cameron Johnson
22%
No matching quizzes found
Score Distribution
Percent of People with Each Score
Percentile by Number Answered
Your Score History
You have not taken this quiz since the last reset